Capitals de comarca amb més de 50.000 habitants - Estadísticas

Estadísticas generales
  • Esta prueba ha sido intentada 34 veces
  • La puntuación promedio es 21 de 25
Estadísticas de respuestas
Comarca Habitants Ciutat % Correcto
l'Alacantí 337.300 Alacant
100%
Barcelonès 1.700.500 Barcelona
100%
Gironès 107.000 Girona
100%
Segrià 144.300 Lleida
100%
Baix Camp 109.900 Reus
100%
Tarragonès 141.100 Tarragona
100%
València 825.900 València
100%
Plana Alta 180.700 Castelló de la Plana
95%
Bages 80.200 Manresa
95%
Palma 430.600 Palma
95%
Vallès Occidental 222.100 Sabadell
95%
Vallès Occidental 228.700 Terrassa
95%
Maresme 131.700 Mataró
91%
l'Alcoià 60.300 Alcoi
86%
Baix Vinalopó 243.100 Elx
86%
el Garraf 70.400 Vilanova i la Geltrú
86%
Rosselló 120.900 Perpinyà
82%
la Safor 80.000 Gandia
77%
Vallès Oriental 64.100 Granollers
77%
l'Horta Sud 89.400 Torrent
73%
les Pitiüsses 53.700 Eivissa
68%
l'Horta Nord 74.800 Paterna
64%
Camp de Morvedre 71.300 Sagunt
64%
Vinalopó Mitjà 53.800 Elda
59%
Baix Segura 83.700 Oriola
55%
No se encontraron pruebas coincidentes
Distribución de puntuación
Porcentaje de gente con cada puntuación
Porcentaje por número respondido
Historial de tus puntuaciones
No has intentado esta prueba.